Representations and cohomology /
Guardado en:
| Autor Principal: | |
|---|---|
| Formato: | Libro |
| Idioma: | English |
| Publicado: |
Cambridge :
Cambridge University Press,
1991.
|
| Series: | Cambridge studies in advanced mathematics ;
30-31 |
| Materias: | |
| Acceso en línea: | Publisher description Texto de muestra (v. 1) Texto de muestra (v. 2) |
| Etiquetas: |
Agregar Etiqueta
Sin Etiquetas, Sea el primero en etiquetar este registro!
|
| LEADER | 01923cam a2200337 a 4500 | ||
|---|---|---|---|
| 001 | MAT.inmabb003644 | ||
| 008 | 910801s1991####enka#####b####001#0#eng## | ||
| 005 | 20130305162537.0 | ||
| 245 | 1 | 0 | |a Representations and cohomology / |c D. J. Benson. |
| 260 | |a Cambridge : |b Cambridge University Press, |c 1991. | ||
| 300 | |a 2 v. : |b il. ; |c 24 cm. | ||
| 440 | 0 | |a Cambridge studies in advanced mathematics ; |v 30-31 | |
| 504 | |a Incluye referencias bibliográficas e índices. | ||
| 505 | 0 | |a v. 1. Basic representation theory of finite groups and associative algebras: 1. Background material from rings and modules; 2. Homological algebra; 3. Modules for group algebra; 4. Methods from the representation of algebra; 5. Representation rings and Burnside rings; 6. Block theory. | |
| 505 | 0 | |a v. 2. Cohomology of groups and modules: 1. Background material from algebraic topology; 2. Cohomology of groups; 3. Spectral sequences; 4. The Evens norm map and the Steenrod algebra; 5. Varieties for modules and multiple complexes; 6. Group actions and the Steinberg module; 7. Local coefficients on subgroup complexes. | |
| 510 | 4 | |a MR, |c 92m:20005 |3 (v. 1) | |
| 510 | 4 | |a MR, |c 93g:20099 |3 (v. 2) | |
| 020 | |a 0521361346 (v. 1) | ||
| 020 | |a 0521361354 (v. 2) | ||
| 100 | 1 | |a Benson, D. J. |q (David J.), |d 1955- | |
| 084 | |a 20 |2 msc2000 | ||
| 650 | 0 | |a Representations of groups. | |
| 650 | 0 | |a Representations of algebras. | |
| 650 | 0 | |a Homology theory. | |
| 010 | |a 91178874 | ||
| 040 | |a DLC |c DLC |d DLC | ||
| 856 | 4 | 2 | |3 Publisher description |u http://www.loc.gov/catdir/description/cam025/91178874.html |
| 856 | 4 | |u http://www.cambridge.org/catalogue/catalogue.asp?isbn=0521361346&ss=exc |y Texto de muestra (v. 1) | |
| 856 | 4 | |u http://www.cambridge.org/catalogue/catalogue.asp?isbn=0521636523&ss=exc |y Texto de muestra (v. 2) | |
| 859 | |h 20 |i B474 |p A-7160 |v 1 |3 Vol. 1 |b BIB. MATEMATICA | ||
| 859 | |h 20 |i B474 |p A-7161 |v 2 |3 Vol. 2 |b BIB. MATEMATICA | ||
